| 000 | 00441nam a2200109Ia 4500 | ||
|---|---|---|---|
| 008 | 220204s9999 xx 000 0 und d | ||
| 082 |
_aNR:62:678.048.2 _bNIT |
||
| 245 | 0 | _aNitrosamine research for the rubber industry : A one-day international symposium The faculty club,Kathdieke Universiteit Leuven,Brussels Wednesday, 23 November 1994 Conference papers | |
| 260 |
_bRubber consultants _c1994 |
||
| 650 | _aNitrosamine analysis | ||
| 942 | _cBK | ||
| 999 |
_c40846 _d40846 |
||